<?xml version="1.0" encoding="UTF-8"?>
<record
    xmlns:xsi="http://www.w3.org/2001/XMLSchema-instance"
    xsi:schemaLocation="http://www.loc.gov/MARC21/slim http://www.loc.gov/standards/marcxml/schema/MARC21slim.xsd"
    xmlns="http://www.loc.gov/MARC21/slim">

  <leader>03996nab a2200289 i 4500</leader>
  <controlfield tag="003">BR-BrBNA</controlfield>
  <controlfield tag="005">20260414135740.0</controlfield>
  <controlfield tag="008">260414b2019    bl.qr|pooa||| 00|   eng |</controlfield>
  <datafield tag="040" ind1=" " ind2=" ">
    <subfield code="a">BR-BrBNA</subfield>
    <subfield code="b">eng</subfield>
  </datafield>
  <datafield tag="072" ind1=" " ind2=" ">
    <subfield code="a">H10</subfield>
    <subfield code="b">4030</subfield>
  </datafield>
  <datafield tag="100" ind1=" " ind2=" ">
    <subfield code="a">Moreira, Marciene Dantas </subfield>
  </datafield>
  <datafield tag="100" ind1=" " ind2=" ">
    <subfield code="a">Nunes, Gilmar da Silva </subfield>
  </datafield>
  <datafield tag="100" ind1=" " ind2=" ">
    <subfield code="a">Oliveira, Rob&#xE9;rio de </subfield>
  </datafield>
  <datafield tag="100" ind1=" " ind2=" ">
    <subfield code="a">Batista, Jacinto de Luna </subfield>
  </datafield>
  <datafield tag="245" ind1=" " ind2=" ">
    <subfield code="a">Predation of Ceraeochrysa cubana (Hagen) (Neuroptera: Chrysopidae) on Hyadaphis foeniculi (Passerini) (Hemiptera: Aphididae</subfield>
  </datafield>
  <datafield tag="500" ind1=" " ind2=" ">
    <subfield code="a">

Publica&#xE7;&#xE3;o online; 24 ref.; 4 tables; Summaries (En, Pt)</subfield>
  </datafield>
  <datafield tag="520" ind1=" " ind2=" ">
    <subfield code="a">


ABSTRACT:       This research aimed to evaluate the consumption of Hyadaphis foeniculi by Ceraeochrysa cubana larvae, based on the densities and developmental stages of the prey, as well as the predator searching and handling time, regarding its instar and previous feeding knowledge. In order to evaluate the predation rate, larvae of first, second and third instars of C. cubana were used, which were fed with aphids from first and second  instars, from third and fourth instar, and from different instars, at three densities. For searching time and handling evaluation, green lacewing larvae were submitted to different feeding regimens: second instar larvae fed at the first instar with Anagasta  kuehniella eggs; second instar larvae, fed at the first instar with H. foeniculi; third instar larvae, fed at the first and second instars with A. kuehniella eggs; third instar larvae, fed at the first instar with the eggs of A. kuehniella and at the second instar with H. foeniculi; third instar larvae, fed at the first and second instars with H. foeniculi. It can be concluded that the daily C. cubana predation rate is influenced by H. foeniculi densities and instars, but the predator searching and handling times are not influenced by the diets provided to them in their previous stages.     



Key words:      aphids; consumption rate; fennel; green lacewing</subfield>
  </datafield>
  <datafield tag="520" ind1=" " ind2=" ">
    <subfield code="a">


RESUMO:        Objetivou-se  nesta  pesquisa  avaliar  o  consumo  de  Hyadaphis  foeniculi  por  larvas  de  Ceraeochrysa  cubana  em  fun&#xE7;&#xE3;o das densidades e fases da presa, bem como o tempo de busca e de manuseio do predador em fun&#xE7;&#xE3;o do &#xED;nstar e da sua experi&#xEA;ncia pr&#xE9;via de alimenta&#xE7;&#xE3;o. Para avalia&#xE7;&#xE3;o da taxa de preda&#xE7;&#xE3;o foram utilizadas larvas de 1&#xBA;, 2&#xBA; e 3&#xBA; &#xED;nstares de C. cubana, as quais foram alimentadas com pulg&#xF5;es de 1&#xBA; e 2&#xBA; &#xED;nstares, pulg&#xF5;es de 3&#xBA; e 4&#xBA; &#xED;nstares e pulg&#xF5;es de diferentes &#xED;nstares,  em  tr&#xEA;s  densidades.  Para  avalia&#xE7;&#xE3;o  do  tempo  de  busca  e  de  manuseio,  larvas  do  crisop&#xED;deo  foram  submetidas  a  diferentes regimes alimentares pr&#xE9;vios: larvas de 2&#xBA; &#xED;nstar, alimentadas no 1&#xBA; &#xED;nstar com ovos de Anagasta kuehniella; larvas de  2&#xBA;  &#xED;nstar,  alimentadas  no  1&#xBA;  &#xED;nstar  com  H.  foeniculi;  larvas  de  3&#xBA;  &#xED;nstar,  alimentadas  no  1&#xBA;  e  2&#xBA;  &#xED;nstares  com  ovos  de  A. kuehniella;  larvas  de  3&#xBA;  &#xED;nstar,  alimentadas  no  1&#xBA;  &#xED;nstar  com  ovos  de  A.  kuehniella  e,  no  2&#xBA;  &#xED;nstar,  com  H.  foeniculi;  larvas  de 3&#xBA; &#xED;nstar, alimentadas no 1&#xBA; e 2&#xBA; &#xED;nstares com H. foeniculi. Pode-se concluir que a taxa de preda&#xE7;&#xE3;o di&#xE1;ria de C. cubana &#xE9; influenciada pelas densidades e &#xED;nstares de H.  foeniculi,  mas  os  tempos  de  busca  e  de  manuseio  do  predador  n&#xE3;o  s&#xE3;o  influenciados pelas dietas ofertadas em seus est&#xE1;dios precedentes.   



Palavras-chave:      af&#xED;deos; taxa de consumo; erva-doce; crisop&#xED;deo</subfield>
  </datafield>
  <datafield tag="650" ind1=" " ind2=" ">
    <subfield code="a">ERVA-DOCE</subfield>
  </datafield>
  <datafield tag="650" ind1=" " ind2=" ">
    <subfield code="a">PRAGA DE PLANTA</subfield>
  </datafield>
  <datafield tag="650" ind1=" " ind2=" ">
    <subfield code="a">PULG&#xC3;O</subfield>
  </datafield>
  <datafield tag="650" ind1=" " ind2=" ">
    <subfield code="a">PREDADOR</subfield>
  </datafield>
  <datafield tag="773" ind1="0" ind2=" ">
    <subfield code="0">4656</subfield>
    <subfield code="9">361589</subfield>
    <subfield code="d">Recife-PE Universidade Federal Rural de Pernambuco 2006</subfield>
    <subfield code="o">2026-1601</subfield>
    <subfield code="t">Revista Brasileira de Ci&#xEA;ncias Agr&#xE1;rias (Brazil)</subfield>
    <subfield code="x">1981-1160</subfield>
    <subfield code="g">v. 14(4) p. 1-6; (2019)</subfield>
    <subfield code="w">BR2026000117</subfield>
  </datafield>
  <datafield tag="856" ind1=" " ind2=" ">
    <subfield code="u">http://www.agraria.pro.br/ojs32/index.php/RBCA/article/view/v14i4a5878/122</subfield>
  </datafield>
  <datafield tag="942" ind1=" " ind2=" ">
    <subfield code="c">ANA</subfield>
  </datafield>
  <datafield tag="999" ind1=" " ind2=" ">
    <subfield code="c">341361</subfield>
    <subfield code="d">341361</subfield>
  </datafield>
</record>
